Nationalism after communism: Reflections on Russia, Ukraine, Belarus and Poland

Titel: Nationalism after communism: Reflections on Russia, Ukraine, Belarus and Poland / Roman Szporluk
Verfasser:
In: Nations and nationalism, Band 4, Heft 3 (1998), Seite 301-320
alle Artikel anzeigen
Veröffentlicht: 1998
Format: Aufsatz
Sprache: Englisch
Schlagworte:
Kein Bild verfügbar
X
alg: 51970240
001A    $03025:10-07-24 
001B    $01999:10-07-24 $t22:32:35.000 
001D    $03025:10-07-24 
001U    $0utf8 
001X    $00 
002@    $0Oox 
003@    $0519702409 
006N    $002668610 
007A    $0519702409 $aHEB 
007D    $asw980112 
009Q    $uhttps://doi.org/10.1111/j.1354-5078.1998.00301.x $xVolltext 
010@    $aeng 
011@    $a1998 
021A    $a@Nationalism after communism: Reflections on Russia, Ukraine, Belarus and Poland $hRoman Szporluk 
028A    $aSzporluk $dRoman 
031A    $d4 $e3 $g20 $h301-320 $j1998 
039B    $aIn $8--Obvc--. Nations and nationalism. - Oxford : Wiley-Blackwell, 1995-. - Online-Ressource. - ISSN 1469-8129. - DOI 10.1111/(ISSN)1469-8129 $x199800000040003699 $9084522844 
044K    $RRussische SFSR $#Russland $#Russland $#Россия $#Rußland $#Krievija $#Federazione Russa $#RF $#Großrussland $#Großrußland $#Russia -1917; 1992- $#Rossijskaja Imperija $#Russie $#Empire de Russie $#Russian Federation $#Federacja Rosyjska $#Rosja $#Rossija $#Rossijskaja Federacija $#Russische Föderation $#RF Rossija $#Russia $#Russland -1917 ; 1992- $#Russisches Reich $#РФ $#Российская Федерация $#Российская Империя $74076899-5 $8Russland [Tgz] $9085217913 
044K    $RUkrainische SSR $#Ukraine $#Ukraine $#Украïна $#Ukrainische SSR $#Ukrajina $#Ukraina $#Ukraïna Ukraine $#Ukraina Ukraine $#Ukrajna $74061496-7 $8Ukraine [Tgz] $9085170801 
044K    $RWeißrussische SSR $#Belarus $#Weißrussland $#Беларусь $#Weißrussland $#Belorussland $#Belaja Rusʹ $#Respublika Belarusʹ $#Republic of Belarus $#Republic Belarus $#République du Bélarus $#Republik Weißrußland $#Ruthènie-Blanche $#Belarusʹ $74079143-9 $8Belarus [Tg1] $9085224537 
044K    $RKongresspolen $RWestgalizien $#Generalgouvernement Polen $#Polska $#Rzeczpospolita Polska $#Polska Rzeczpospolita Ludowa $#Poland $#Pologne $#République Polonaise $#Generalne Gubernatorstwo w Polsce $#Polish People's Republic $#Polska Rzeczpospolita Polen $#PRL $#RP $#Polen Generalgouvernement $#Polska Generalgouvernement $#Besetzte Polnische Gebiete $#Besetztes Gebiet in Polen $#Okupowane Polskie Obszary $#Obszary Okupowane w Polsce $#Volksrepublik Polen $#Polska Rosyjska $#Republic Polen $#Respublika Pol'ša $#Pol'skaja Narodnaja Respublika $#République de Pologne $#Polen Links der Weichsel $#Polska po Lewej Stronie Wisły $#Lenkija $#Polija $#Gubernija Carstva Pol'skago $#Republik Polen $74046496-9 $8Polen [Tg1] $9085129801 
044K    $RNationalbewegung $RNationalbewusstsein $RPatriotismus $#Nationalism $#Nationalisme $#Nacionalismo $#Nationalismus $#Nationalismus $74041300-7 $8Nationalismus [Ts1] $9085113069 
044K    $#postkommunistische Gesellschaft $#Postsozialismus $74998161-4 $8Postkommunismus [Ts1] $9134568192 
044K    $RWandel $#Political development $#Développement politique $#Politischer Wandel $#politischer Wandel $#Systemveränderung $#Systemtransformation Politik $#Systemwandel Politik $#Systemwechsel Politik $#Politische Entwicklung Politischer Wandel $74175047-0 $8Politischer Wandel [Ts1] $9085818038 
044K    $#Umsetzung $74451062-7 $8Transformation [Ts1] $908884580X 

lok: 51970240 78

exp: 51970240 78 1 #EPN
201B/01 $010-07-24 $t08:43:18.000 
201C/01 $010-07-24 
201U/01 $0utf8 
203@/01 $01266628053 
208@/01 $a10-07-24 $be 
209A/01 $a/ $f000 $x00 
209A/01 $ab*p $x01 
220C/01 $apgar 
244Z/01 $#Generalgouvernement Polen $#Polska $#Rzeczpospolita Polska $#Polska Rzeczpospolita Ludowa $#Poland $#Pologne $#République Polonaise $#Generalne Gubernatorstwo w Polsce $#Polish People's Republic $#Polska Rzeczpospolita Polen $#PRL $#RP $#Polen Generalgouvernement $#Polska Generalgouvernement $#Besetzte Polnische Gebiete $#Besetztes Gebiet in Polen $#Okupowane Polskie Obszary $#Obszary Okupowane w Polsce $#Volksrepublik Polen $#Polska Rosyjska $#Republic Polen $#Respublika Pol'ša $#Pol'skaja Narodnaja Respublika $#République de Pologne $#Polen Links der Weichsel $#Polska po Lewej Stronie Wisły $#Lenkija $#Polija $#Gubernija Carstva Pol'skago $#Republik Polen $74046496-9 $8--Tg1--Polen $x01 $9085129801 
247C/01 $82080>Marburg/Lahn, Herder-Institut, Forschungsbibliothek, Bibliographieportal $9336309341
LEADER 00000caa a22000002c 4500
001 519702409
003 DE-603
005 20240710223235.0
007 cr||||||||||||
008 240710s1998 xx |||| o| u00||u|eng c
035 |a (DE-599)HEB519702409 
035 |a (NL-LiSWE)02668610 
040 |a DE-603  |b ger  |c DE-603  |d DE-603 
041 |a eng 
100 1 |a Szporluk, Roman 
245 0 0 |a Nationalism after communism: Reflections on Russia, Ukraine, Belarus and Poland  |c Roman Szporluk 
264 0 |c 1998 
650 7 |a Nationalismus  |0 (DE-588)4041300-7  |0 (DE-603)085113069  |2 gnd 
650 7 |a Postkommunismus  |0 (DE-588)4998161-4  |0 (DE-603)134568192  |2 gnd 
650 7 |a Politischer Wandel  |0 (DE-588)4175047-0  |0 (DE-603)085818038  |2 gnd 
650 7 |a Transformation  |0 (DE-588)4451062-7  |0 (DE-603)08884580X  |2 gnd 
651 7 |a Russland  |0 (DE-588)4076899-5  |0 (DE-603)085217913  |2 gnd 
651 7 |a Ukraine  |0 (DE-588)4061496-7  |0 (DE-603)085170801  |2 gnd 
651 7 |a Belarus  |0 (DE-588)4079143-9  |0 (DE-603)085224537  |2 gnd 
651 7 |a Polen  |0 (DE-588)4046496-9  |0 (DE-603)085129801  |2 gnd 
773 0 8 |i In  |t Nations and nationalism  |d Oxford : Wiley-Blackwell, 1995-  |h Online-Ressource  |o 10.1111/(ISSN)1469-8129  |x 1469-8129  |g Band 4, Heft 3 (1998), Seite 301-320  |w (DE-603)084522844  |w (DE-600)1500007-2 
856 |u https://doi.org/10.1111/j.1354-5078.1998.00301.x 
924 1 |9 2080  |a (DE-603)1266628053  |b DE-2080  |c HES  |d d  |g /